The do-it-yourself PC book : (Record no. 11702)
[ view plain ]
| 000 -LEADER | |
|---|---|
| fixed length control field | 00502cam a2200169Ia 4500 |
| 020 ## - INTERNATIONAL STANDARD BOOK NUMBER | |
| ISBN | 0072133775 |
| 040 ## - CATALOGING SOURCE | |
| Transcribing agency | TVY |
| 082 04 - DEWEY DECIMAL CLASSIFICATION NUMBER | |
| Classification number | 621 OSB 2001 A039 Or. |
| 100 1# - MAIN ENTRY--AUTHOR NAME | |
| Personal name | MacRae, Kyle. |
| 245 14 - TITLE STATEMENT | |
| Title | The do-it-yourself PC book : |
| Remainder of title | an illustrated guide to upgrading and repairing your computer / |
| 246 30 - VARYING FORM OF TITLE | |
| Title proper/short title | PC book |
| 260 ## - PUBLICATION, DISTRIBUTION, ETC. (IMPRINT) | |
| Place of publication | [Berkeley, Calif.] : |
| Name of publisher | Osborne/McGraw-Hill, |
| Year of publication | c2001. |
| 300 ## - PHYSICAL DESCRIPTION | |
| Number of Pages | 160 p. : |
| Other physical details | col. ill. ; |
| Dimensions | 27 cm. |
| 500 ## - GENERAL NOTE | |
| General note | Includes index. |
| 650 #0 - SUBJECT ADDED ENTRY--TOPICAL TERM | |
| Topical Term | Microcomputers |
| 942 ## - ADDED ENTRY ELEMENTS (KOHA) | |
| Koha item type | ADB |
| 952 ## - LOCATION AND ITEM INFORMATION (KOHA) | |
| Withdrawn status [LOCAL, KOHA] | 0 |
| Permanent Location | Date acquired | Koha item type | Lost status | Shelving location | Barcode | Current Location | Full call number |
|---|---|---|---|---|---|---|---|
| Library Block A | 2017-08-04 | ADB | A039 | A08891 | Library Block A | 621 OSB 2001 A039 Or. |